000
00249nam a2200097Ia 4500
008
220204s9999 xx 000 0 und d
082
_a
82-36
_b
CLA.15
245
2
_a
A Treasury of Indian illustrated classics. V 15
260
_a
Bombay
_b
IBH
942
_c
BK
999
_c
37597
_d
37597